000 00765 a2200205 4500
999 _c10130
_d10130
020 _a9781570252266
050 _aBF637 LEU 2008
100 _aLeutenberg, Ester A.
_eauthor
245 _aThe communication skills workbook :
_bself-assessments, exercises & educational handouts /
_cEster A. Leutenberg & John J. Liptak
264 _aDuluth, Minnesota :
_bWhole Person Associates,
_c2008.
300 _a122p. :
500 _aIllustrated by Brodsky, Amy L.
650 _aInterpersonal communication -- Problems, exercises, etc
650 _aCommunication -- Psychological aspects
650 _aCommunication
650 _aInterpersonal Relations
700 _aLiptak, John J.
_eauthor
700 _aBrodsky, Amy L.
_eillustrator
942 _2lcc
_cBK
_h637
_iLEU
_kBF